Paro forzoso y capital /

Bibliographic Details
Main Author: Rittershausen, Heinrich (Author)
Other Authors: Agurto Gonzáles, Carlos Antonio (Editor), Quequejana Mamani, Sonia Lidia (Editor), Choque Cuenca, Benigno (Editor), Luengo Tapia, Rafael (Translator), Floristán, Nicolás (Translator)
Format: Electronic eBook
Language:Spanish
German
Published: Santiago, Chile : Ediciones Olejnik, [2024]
Series:Biblioteca de derecho del trabajo y de la seguridad social.
Subjects:
Online Access:Digitalia Hispánica

MARC

LEADER 00000nam a2200000Ii 4500
001 DIGOLEJNK1517
003 NyNyDIG
006 m o d
007 cr |||||||||||
008 260106s2024 cl ob 000 0 spa d
035 |a (OCoLC)1568978865 
040 |a DGITA  |b eng  |e rda  |e pn  |c DGITA 
020 |z 9789564074832 
041 1 |a spa  |h ger 
050 1 4 |a HD5706 ebook 
100 1 |a Rittershausen, Heinrich,  |e author. 
240 1 0 |a Arbeitslosigkeit und kapitalbildung.  |l Spanish  |s (Luengo Tapia and Floristán) 
245 1 0 |a Paro forzoso y capital /  |c Heinrich Rittershausen ; edición al cuidado de Carlos Antonio Agurto Gonzáles, Sonia Lidia Quequejana Mamani, Benigno Choque Cuenca ; traducción de Rafael Luengo Tapia y Nicolás Floristán. 
264 1 |a Santiago, Chile :  |b Ediciones Olejnik,  |c [2024] 
300 |a 1 online resource. 
336 |a text  |b txt  |2 rdacontent 
337 |a computer  |b c  |2 rdamedia 
338 |a online resource  |b cr  |2 rdacarrier 
347 |a text file  |2 rdaft 
347 |b PDF 
490 1 |a Biblioteca de derecho del trabajo 
588 0 |a Online resource; title from PDF title page (Digitalia, viewed January 6, 2026) 
650 0 |a Unemployed. 
650 0 |a Capital. 
650 0 |a Credit. 
700 1 |a Agurto Gonzáles, Carlos Antonio,  |e editor. 
700 1 |a Quequejana Mamani, Sonia Lidia,  |e editor. 
700 1 |a Choque Cuenca, Benigno,  |e editor. 
700 1 |a Luengo Tapia, Rafael,  |e translator. 
700 1 |a Floristán, Nicolás,  |e translator. 
700 1 |i Translation of:  |a Rittershausen, Heinrich.  |t Arbeitslosigkeit und kapitalbildung. 
791 2 |a Digitalia (Firm),  |e distributor. 
793 0 |g Digitalia eBook Collection:  |a Ediciones Olejnik 
776 0 8 |i Print version:  |a Rittershausen, Heinrich.  |s Arbeitslosigkeit und kapitalbildung. Spanish (Luengo Tapia and Floristán).  |t Paro forzoso y capital.  |d Santiago, Chile : Ediciones Olejnik, 2024  |z 9789564074832 
830 0 |a Biblioteca de derecho del trabajo y de la seguridad social. 
856 4 0 |3 Digitalia Hispánica  |u https://www.digitaliapublishing.com/a/158036/ 
910 |a Premium collection: 2026